Name Every Peep Flavor - Statistics

General Stats
  • This quiz has been taken 6 times
    4 since last reset
  • The average score is 28 of 72
Answer Stats
Answer % Correct
Chocolate Covered
100%
Grape
100%
Lemon
100%
Strawberry
100%
Blue Marshmellow
75%
Chili Lime Mango
75%
Cookies and Cream
75%
Orange
75%
Vanilla
75%
Alex's Lemonade Stand
50%
Blueberry
50%
Butterbeer
50%
Caramel Apple
50%
Cinnamon Churro
50%
Coconut
50%
Cotton Candy
50%
Dr. Pepper
50%
Fruit Punch
50%
ICEE Blue Raspberry
50%
Kettle Corn
50%
Orange Creme
50%
Party Cake
50%
Peppermint Bark
50%
Raspberry
50%
Rice Krispies
50%
Root Beer Float
50%
S'mores
50%
Sour Lemon Lime
50%
Sour Strawberry
50%
Sour Watermelon
50%
Sunny D
50%
Birthday Cake
25%
Bubble Gum
25%
Candy Cane
25%
Candy Corn
25%
Caramel Mocha
25%
Cherry Cordial
25%
Cherry Limade
25%
Chocolate Mousse
25%
Chocolate Pudding
25%
Christmas Cookie
25%
Cinnamon Roll
25%
Fruit Loops
25%
Gingerbread
25%
Hot Chocolate
25%
Lemon Sherbert
25%
Mike and Ike
25%
Mystery
25%
Neapolitan
25%
Orange Sherbert
25%
Oreo
25%
Pancakes And Syrup
25%
Pepsi
25%
Pink Marshmellow
25%
Pumpkin Spice
25%
Red Velvet
25%
Sour Cherry
25%
Strawberry Creme
25%
Sugar Cookie
25%
Sugar Free
25%
Sugar Plum
25%
Tropical Burst
25%
Vanilla Caramel Brownie
25%
Vanilla Creme
25%
Wild Berry
25%
Yellow Marshmellow
25%
Chocolate Caramel Swirl
0%
Coffee
0%
Hot Temale
0%
Mable Brown Sugar
0%
My peeps
0%
Strawberry Pop Tart
0%
No matching quizzes found
Score Distribution
Percent of People with Each Score
Percentile by Number Answered
Your Score History
You have not taken this quiz since the last reset